Win your inner Battles: defeat the enemy within and live with purpose (Record no. 229860)
[ view plain ]
| 000 -LEADER | |
|---|---|
| fixed length control field | 01281nam a22002057a 4500 |
| 005 - DATE AND TIME OF LATEST TRANSACTION | |
| control field | 20240220125618.0 |
| 008 - FIXED-LENGTH DATA ELEMENTS--GENERAL INFORMATION | |
| fixed length control field | 240219b ||||| |||| 00| 0 eng d |
| 020 ## - INTERNATIONAL STANDARD BOOK NUMBER | |
| International Standard Book Number | 9780143452201 |
| 040 ## - CATALOGING SOURCE | |
| Transcribing agency | AL |
| 041 ## - LANGUAGE CODE | |
| Language code of text/sound track or separate title | eng |
| 082 ## - DEWEY DECIMAL CLASSIFICATION NUMBER | |
| Edition number | 23 |
| Classification number | 155.2 |
| Item number | FORW |
| 100 ## - MAIN ENTRY--PERSONAL NAME | |
| Personal name | Darius Foroux |
| 9 (RLIN) | 151962 |
| 245 ## - TITLE STATEMENT | |
| Title | Win your inner Battles: defeat the enemy within and live with purpose |
| 260 ## - PUBLICATION, DISTRIBUTION, ETC. | |
| Place of publication, distribution, etc. | New Zealand |
| Name of publisher, distributor, etc. | Penguin Books |
| Date of publication, distribution, etc. | 2016 |
| 300 ## - PHYSICAL DESCRIPTION | |
| Extent | x,130p. |
| Other physical details | PB |
| Dimensions | 19.2x13cm. |
| 365 ## - TRADE PRICE | |
| Source of price type code | General |
| Price type code | VBI-2022 |
| Price amount | ₹149.25 |
| Currency code | ₹ |
| Unit of pricing | ₹199.00 |
| Price note | 25% |
| Price effective from | 16-01-2024 |
| 520 ## - SUMMARY, ETC. | |
| Summary, etc. | Do you want to change your career? Start a business? Stop losing sleep over a deadline? End your relationship? Or maybe, just live a fulfilling life? Everyone has goals and ambitions in life. But we often don't pursue our inner desires because of one thing: Fear and a lack of self-confidence.<br/>In Win Your Inner Battles, I will show you how to destroy fear and live your life with a sense of purpose.<br/>You’ll learn how to:<br/>Conquer fear<br/>Improve self-confidence<br/>Stop worrying<br/>And live life on YOUR terms<br/>I wrote this book based on my own experiences. No matter how bad your situation is, there is always a way out. |
| 650 ## - SUBJECT ADDED ENTRY--TOPICAL TERM | |
| Source of heading or term | Differential and Developmental Psychology |
| Topical term or geographic name entry element | Individual Psychology |
| 9 (RLIN) | 151963 |
| 942 ## - ADDED ENTRY ELEMENTS (KOHA) | |
| Source of classification or shelving scheme | Dewey Decimal Classification |
| Koha item type | Book |
| Withdrawn status | Lost status | Source of classification or shelving scheme | Damaged status | Not for loan | Collection code | Home library | Current library | Date acquired | Source of acquisition | Cost, normal purchase price | Total Checkouts | Total Renewals | Full call number | Barcode | Date last seen | Date last checked out | Cost, replacement price | Price effective from | Koha item type |
|---|---|---|---|---|---|---|---|---|---|---|---|---|---|---|---|---|---|---|---|
| Dewey Decimal Classification | General | St Aloysius PG Library | St Aloysius PG Library | 01/23/2024 | Vidyarthi Books | 149.25 | 3 | 1 | 155.2 FORW | PG024584 | 12/17/2025 | 12/01/2025 | 199.00 | 02/19/2024 | Book |